000 00343nam a2200109Ia 4500
008 171204s9999 xx 000 0 und d
245 4 _aThe Migrant Text: Making and Marketing a Global French Literature:
245 _cSubha Xavier
260 _c2016
650 _xPRINCIPLES OF MARKETING
856 _uhttp://down.ebook777.com/063/0773547606.pdf
999 _c345747
_d345747